Automatic speech recognition: (Record no. 5096)
[ view plain ]
| 000 -LEADER | |
|---|---|
| fixed length control field | 00708nam a22002417a 4500 |
| 003 - CONTROL NUMBER IDENTIFIER | |
| control field | OSt |
| 005 - DATE AND TIME OF LATEST TRANSACTION | |
| control field | 20220107122811.0 |
| 008 - FIXED-LENGTH DATA ELEMENTS--GENERAL INFORMATION | |
| fixed length control field | 160422b xxu||||| |||| 00| 0 eng d |
| 020 ## - INTERNATIONAL STANDARD BOOK NUMBER | |
| International Standard Book Number | 9781447157786 |
| 040 ## - CATALOGING SOURCE | |
| Transcribing agency | IIITMK |
| 082 ## - DEWEY DECIMAL CLASSIFICATION NUMBER | |
| Classification number | 006.454 YU/A |
| 100 ## - MAIN ENTRY--PERSONAL NAME | |
| Personal name | Yu, Dong |
| 9 (RLIN) | 9040 |
| 245 ## - TITLE STATEMENT | |
| Title | Automatic speech recognition: |
| Remainder of title | A deep learning approach |
| Statement of responsibility, etc. | Dong Yu |
| 260 ## - PUBLICATION, DISTRIBUTION, ETC. | |
| Place of publication, distribution, etc. | New York, |
| Name of publisher, distributor, etc. | Springer, |
| Date of publication, distribution, etc. | 2015 |
| 300 ## - PHYSICAL DESCRIPTION | |
| Extent | xxvi, 321p. |
| 440 ## - SERIES STATEMENT/ADDED ENTRY--TITLE | |
| Title | Signals and communication technology |
| 9 (RLIN) | 9076 |
| 650 ## - SUBJECT ADDED ENTRY--TOPICAL TERM | |
| Topical term or geographic name entry element | COMPUTER SCIENCE |
| 9 (RLIN) | 9041 |
| 650 ## - SUBJECT ADDED ENTRY--TOPICAL TERM | |
| Topical term or geographic name entry element | HUMAN COMPUTER INTERACTION |
| 9 (RLIN) | 9077 |
| 650 ## - SUBJECT ADDED ENTRY--TOPICAL TERM | |
| Topical term or geographic name entry element | ENGINEERING |
| 9 (RLIN) | 9042 |
| 650 ## - SUBJECT ADDED ENTRY--TOPICAL TERM | |
| Topical term or geographic name entry element | SOCIAL SCIENCES - DATA PROCESSING |
| 9 (RLIN) | 9043 |
| 700 ## - ADDED ENTRY--PERSONAL NAME | |
| Personal name | Deng, Li |
| 9 (RLIN) | 9044 |
| 942 ## - ADDED ENTRY ELEMENTS (KOHA) | |
| Source of classification or shelving scheme | Dewey Decimal Classification |
| Koha item type | Books |
| Withdrawn status | Lost status | Source of classification or shelving scheme | Damaged status | Not for loan | Collection code | Home library | Current library | Shelving location | Date acquired | Cost, normal purchase price | Total Checkouts | Total Renewals | Full call number | Barcode | Date due | Date last seen | Date last checked out | Price effective from | Koha item type |
|---|---|---|---|---|---|---|---|---|---|---|---|---|---|---|---|---|---|---|---|
| Dewey Decimal Classification | Speech & Language Processing | Kerala University of Digital Sciences, Innovation and Technology Knowledge Centre | Kerala University of Digital Sciences, Innovation and Technology Knowledge Centre | Computer Science | 22/04/2016 | 4595.00 | 3 | 5 | 006.454 YU/A | 4395 | 03/03/2021 | 14/01/2022 | 14/01/2022 | 22/04/2016 | Books |